مكتبة جامعة عجلون الوطنية

فهرس بحث المكتبة

Normal view MARC view
  • ادارة العمليات والانتاج

Entry Topical Term

Number of records used in: 1

001 - CONTROL NUMBER

  • control field: 28809

003 - CONTROL NUMBER IDENTIFIER

  • control field: JO-AjAnu

005 - DATE AND TIME OF LATEST TRANSACTION

  • control field: 20230606074858.0

008 - FIXED-LENGTH DATA ELEMENTS

  • fixed length control field: 230606|| aca||aabn | a|a d

040 ## - CATALOGING SOURCE

  • Original cataloging agency: JO-AjAnu
  • Transcribing agency: JO-AjAnu

150 ## - HEADING--TOPICAL TERM

  • Topical term or geographic name entry element: ادارة العمليات والانتاج

670 ## - SOURCE DATA FOUND

  • Source citation: Work cat.: (JO-AjAnu)14787: اللامي، غسان قاسم /م مشارك البياتي، شكرولي , author 28808, ادارة الانتاج والعمليات مرتكزات معرفية وكمية